<?xml version="1.0" encoding="UTF-8"?>
<collection xmlns="http://www.loc.gov/MARC21/slim">
  <record>
    <leader>00000nam  2200000   4500</leader>
    <controlfield tag="001">INLIS000000000003033</controlfield>
    <controlfield tag="005">20190402090852</controlfield>
    <datafield tag="035" ind1="#" ind2="#">
      <subfield code="a">0010-0718003033</subfield>
    </datafield>
    <controlfield tag="008">190402################g##########0#ind##</controlfield>
    <datafield tag="041" ind1=" " ind2=" ">
      <subfield code="a">id</subfield>
    </datafield>
    <datafield tag="082" ind1="#" ind2="#">
      <subfield code="a">100</subfield>
    </datafield>
    <datafield tag="090" ind1=" " ind2=" ">
      <subfield code="a">100 Sch k</subfield>
    </datafield>
    <datafield tag="100" ind1=" " ind2="#">
      <subfield code="a">Schumacher, E.F.</subfield>
    </datafield>
    <datafield tag="245" ind1="1" ind2="#">
      <subfield code="a">Keluar dari kemelut : Sebuah peta pemikiran baru. /</subfield>
      <subfield code="c">E.F. Schumacher</subfield>
    </datafield>
    <datafield tag="250" ind1="#" ind2="#">
      <subfield code="a">Cet.2</subfield>
    </datafield>
    <datafield tag="260" ind1="#" ind2="#">
      <subfield code="a">Jakarta :</subfield>
      <subfield code="b">LP3S,</subfield>
      <subfield code="c">1977</subfield>
    </datafield>
    <datafield tag="300" ind1="#" ind2="#">
      <subfield code="a">xii, 167 hlm. ;</subfield>
      <subfield code="c">23 cm</subfield>
    </datafield>
    <datafield tag="650" ind1=" " ind2="#">
      <subfield code="a">Filsafat</subfield>
    </datafield>
    <datafield tag="084" ind1="#" ind2="#">
      <subfield code="a">100 Sch k</subfield>
    </datafield>
    <datafield tag="520" ind1="#" ind2="#">
      <subfield code="a">Banyak orang sekarang menghendaki sebuah landasan moral baru bagi masyarakat, sebuah landasan etika yang baru. Ketika mereka mengucapkan kata "baru", mereka nampaknya lupa bahwa bmereka berhadapan dengan masalah-masalah divergen, yang tak menghendaki penemuan-penemuan baru, melainkan menghendaki pengembangan kemampuan-kemampuan manusia yang lbih tinggi beserta penerapannya. "ada yang naik karena dosa dan adayang jatuh karena kebajikan," kata Shakespeare di dalam Measure  for Measure, dan menekankan bahwasanya belumlah cukup baik memutuskan bahwa kebajikan itu baik dan kemesuman itu buruk (meskipun memang demikian!); bahwa yang penting ialah apakah seseorang meningkat mencapai potensi-potensinya yang lebih tinggi ataukah jatuh tercampak jauh darinya.</subfield>
    </datafield>
    <datafield tag="856" ind1="#" ind2="#">
      <subfield code="a">Perpustakaan Lembaga Administrasi Negara</subfield>
    </datafield>
    <datafield tag="990" ind1="#" ind2="#">
      <subfield code="a">17840</subfield>
    </datafield>
    <datafield tag="990" ind1="#" ind2="#">
      <subfield code="a">17840</subfield>
    </datafield>
  </record>
</collection>
